000 00639nam a2200205Ii 4500
003 JO-AjNU
008 230605s9999||||xx |||||||||||||| ||und||
040 _aJO-AjNU
_bara
_erda
_cJO-AjNU
041 _aara
050 1 4 _aPJ7862.H22.A71 1955
100 3 _aتأليف الشابي،أبي القاسم,
_eauthor
_913540
245 0 0 _aأغاني الحياة، ديوان
250 _aط1
264 3 1 _aالقاهرة: دار الكتب الشرقية،1955
300 _a194ص
336 _atext
_btxt
_2rdacontent
337 _aunmediated
_bn
_2rdamedia
338 _avolume
_bnc
_2rdacarrier
650 4 _aالشعر العربي
_913541
999 _aA3398
_c6966
_d6966